000
00322nam a22001457a 4500
008
230912b ||||| |||| 00| 0 eng d
020
_a
012446582X
041
_a
eng
080
_a
521
082
_a
521LEW
100
_a
19
101
_a
ASTRO
245
_a
PLANETS AND THEIR ATMOSPHERES
_c
LEWIS .S.J
942
_2
udc
_c
BK
999
_c
60329
_d
60329